<?xml version="1.0" encoding="UTF-8"?>
<record
    xmlns:xsi="http://www.w3.org/2001/XMLSchema-instance"
    xsi:schemaLocation="http://www.loc.gov/MARC21/slim http://www.loc.gov/standards/marcxml/schema/MARC21slim.xsd"
    xmlns="http://www.loc.gov/MARC21/slim">

  <leader>01961nam a22002891i 4500</leader>
  <controlfield tag="005">20210210124618.0</controlfield>
  <controlfield tag="008">210210t20182016uk ad||g  ||| 000 0beng d</controlfield>
  <datafield tag="020" ind1=" " ind2=" ">
    <subfield code="a">9781781317587</subfield>
    <subfield code="c">RM 125.81</subfield>
    <subfield code="q">paperback</subfield>
  </datafield>
  <datafield tag="040" ind1=" " ind2=" ">
    <subfield code="a">PPAK</subfield>
    <subfield code="b">eng</subfield>
    <subfield code="c">PPAK</subfield>
    <subfield code="e">rda</subfield>
  </datafield>
  <datafield tag="082" ind1="0" ind2="4">
    <subfield code="2">23</subfield>
    <subfield code="a">796.342092</subfield>
  </datafield>
  <datafield tag="090" ind1="0" ind2="0">
    <subfield code="a">796.342092</subfield>
    <subfield code="b">HOD</subfield>
    <subfield code="d">G</subfield>
  </datafield>
  <datafield tag="100" ind1="1" ind2=" ">
    <subfield code="a">Hodgkinson, Mark,</subfield>
    <subfield code="e">author.</subfield>
  </datafield>
  <datafield tag="245" ind1="1" ind2="0">
    <subfield code="a">FEDEGRAPHICA :</subfield>
    <subfield code="b">A GRAPHIC BIOGRAPHY OF THE GENIUS OF ROGER FEDERER /</subfield>
    <subfield code="c">MARK HODGKINSON</subfield>
  </datafield>
  <datafield tag="250" ind1=" " ind2=" ">
    <subfield code="a">Updated Edition</subfield>
  </datafield>
  <datafield tag="264" ind1=" " ind2="1">
    <subfield code="a">London : </subfield>
    <subfield code="b">Aurum Press, </subfield>
    <subfield code="c">2018.</subfield>
  </datafield>
  <datafield tag="264" ind1=" " ind2="4">
    <subfield code="c">&#xA9;2016</subfield>
  </datafield>
  <datafield tag="300" ind1=" " ind2=" ">
    <subfield code="a">272 pages : </subfield>
    <subfield code="b">colour illustrations ; </subfield>
    <subfield code="c">24 cm.</subfield>
  </datafield>
  <datafield tag="336" ind1=" " ind2=" ">
    <subfield code="2">rdacontent</subfield>
    <subfield code="a">text</subfield>
    <subfield code="a">still image</subfield>
  </datafield>
  <datafield tag="337" ind1=" " ind2=" ">
    <subfield code="2">rdamedia</subfield>
    <subfield code="a">unmediated</subfield>
  </datafield>
  <datafield tag="338" ind1=" " ind2=" ">
    <subfield code="2">rdacarrier</subfield>
    <subfield code="a">volume</subfield>
  </datafield>
  <datafield tag="500" ind1=" " ind2=" ">
    <subfield code="a">Includes bibliographical references</subfield>
  </datafield>
  <datafield tag="520" ind1=" " ind2=" ">
    <subfield code="a">BIOGRAPHY: SPORT. ROGER FEDERER is almost universally recognised as the greatest tennis player of all time; he might also be the greatest athlete. Adored around the world, Federer has become one of sport's most iconic and popular figures. In this innovative graphic biography, Federer's genius is explored and celebrated like never before, with beautiful infographics looking at his serving patterns, the speed of his shots, the spin he generates, his movement, as well as his performance in high-pressure situations such as tiebreaks and Grand Slam finals. Federer's astonishing records - no man has won more majors, or spent more weeks as the world number one - are also showcased against his rivals and the legends of the game. Drawing on his conversations with Federer, as well as exclusive interviews with those close to the Swiss, Mark Hodgkinson tells the story of how a young hothead from Basel transformed himself into a calm and poised athlete who came to dominate tennis.</subfield>
  </datafield>
  <datafield tag="600" ind1="1" ind2="0">
    <subfield code="a">Federer, Roger, 1981-</subfield>
  </datafield>
  <datafield tag="650" ind1="1" ind2="0">
    <subfield code="a">Federer, Roger, 1981- </subfield>
    <subfield code="x">Miscellanea </subfield>
    <subfield code="x">Pictorial works.</subfield>
  </datafield>
  <datafield tag="650" ind1="2" ind2="0">
    <subfield code="a">Tennis players</subfield>
    <subfield code="z">Switzerland</subfield>
    <subfield code="v">Biography.</subfield>
  </datafield>
  <datafield tag="942" ind1=" " ind2=" ">
    <subfield code="2">ddc</subfield>
    <subfield code="c">B</subfield>
  </datafield>
  <datafield tag="999" ind1=" " ind2=" ">
    <subfield code="c">181984</subfield>
    <subfield code="d">181984</subfield>
  </datafield>
  <datafield tag="952" ind1=" " ind2=" ">
    <subfield code="0">0</subfield>
    <subfield code="7">0</subfield>
    <subfield code="b">PPAK</subfield>
    <subfield code="c">G</subfield>
    <subfield code="d">2021-02-19</subfield>
    <subfield code="o">796.342092 HOD</subfield>
    <subfield code="p">A01675138</subfield>
    <subfield code="r">2021-02-19 00:00:00</subfield>
    <subfield code="y">B</subfield>
  </datafield>
</record>
